| 000 | 00460nam a2200181Ia 4500 | ||
|---|---|---|---|
| 008 | 230711s9999||||xx |||||||||||||| ||und|| | ||
| 020 | _a978-1-60535-290-9 | ||
| 041 | _aENG | ||
| 082 |
_a571.6 _bCO-C |
||
| 100 | _aCooper,Geoffrey M | ||
| 245 | 4 | _aThe cell: a molecular approach | |
| 250 | _a7th Ed. | ||
| 260 |
_c2016 _aSunderland _bSinauer Associates Inc Publishers |
||
| 300 | _a832p. | ||
| 650 | _aPharmacy | ||
| 700 | _aHausman,Robert E | ||
| 942 | _cBK | ||
| 999 |
_c7064 _d7064 |
||